书目信息 |
| 题名: |
社会主义价格问题研究
|
|
| 作者: | 季龙 编 | |
| 分册: | ||
| 出版信息: | 北京 中国社会科学出版社 1982 |
|
| 页数: | 126页 | |
| 开本: | 19cm | |
| 丛书名: | ||
| 单 册: | ||
| 中图分类: | F045.3 | |
| 科图分类: | ||
| 主题词: | 社会主义经济-价格--研究 , 价格-社会主义经济--研究 , 社会主义社会--生产方式 | |
| 电子资源: | ||
| ISBN: | ||
| 000 | 00706nam0 2200253 45 | |
| 001 | 0182008289 | |
| 005 | 20060802085621.18 | |
| 010 | @dCNY0.41 | |
| 091 | @a4190.109 | |
| 100 | @a19950517d1982 em y0chiy0121 ea | |
| 101 | 0 | @achi |
| 102 | @aCN@b110000 | |
| 105 | @ay z 000yy | |
| 200 | 10 | @a社会主义价格问题研究@Ashe hui zhu yi jia ge wen ti yan jiu@f季龙等编 |
| 210 | @a北京@c中国社会科学出版社@d1982 | |
| 215 | @a126页@d19cm | |
| 606 | @a社会主义经济-价格@x研究 | |
| 606 | @a价格-社会主义经济@x研究 | |
| 606 | 0 | @a社会主义社会@x生产方式 |
| 690 | @aF045.3 | |
| 701 | 0 | @a季龙@Aji long@4编 |
| 801 | 2 | @aCN@bNLC@c20060802 |
| 801 | 0 | @aCN@b上海图书馆@c20060801 |
| 905 | @f1@b72055@dF045.3@e24 | |
| 社会主义价格问题研究/季龙等编.-北京:中国社会科学出版社,1982 |
| 126页;19cm |
| ISBN :CNY0.41 |
| ● |
| 相关链接 |
|
|
|
|
正题名:社会主义价格问题研究
索取号:F045.3/24
 
预约/预借
| 序号 | 登录号 | 条形码 | 馆藏地/架位号 | 状态 | 备注 |
| 1 | 0072055 | 000192874 | 第一样本阅览室/ [索取号:F045.3/24] | 在馆 | |
| 2 | 0425449 | 204254494 | 密集书库/ [索取号:F045.3/24] | 在馆 | |
| 3 | 0441148 | 204411485 | 密集书库/ [索取号:F045.3/24] | 在馆 | |
| 4 | 0441162 | 204411626 | 密集书库/ [索取号:F045.3/24] | 在馆 | |
| 5 | 0441690 | 204416907 | 密集书库/ [索取号:F045.3/24] | 在馆 | |
| 6 | 0441885 | 204418852 | 密集书库/ [索取号:F045.3/24] | 在馆 |